[Event "Pyramiden Franken Cup 4th"]
[Site "Fuerth"]
[Date "2001.08.26"]
[Round "9"]
[White "Ibragimov, Ildar"]
[Black "Doettling, Fabian"]
[Result "1-0"]
[WhiteElo "2579"]
[BlackElo "2518"]
[Annotator "Ibragimov,I"]
[PlyCount "75"]
[EventDate "2001.08.18"]
[EventType "swiss"]
[EventRounds "9"]
[EventCountry "GER"]
[SourceTitle "EXT 2010"]
[Source "ChessBase"]
[SourceDate "2010.11.25"]
[SourceVersion "1"]
[SourceVersionDate "2010.11.25"]
[SourceQuality "1"]

1. c4 e6 2. d4 Nf6 3. Nc3 d5 4. cxd5 Nxd5 {Schwarz gibt das Zentrum auf und
versucht aehnlich wie im Gruenfeldinder Druck auf das Zentrum zu machen.} 5. e4
Nxc3 6. bxc3 c5 7. Nf3 cxd4 8. cxd4 Bb4+ 9. Bd2 Bxd2+ 10. Qxd2 O-O 11. Bc4 Nc6
{Mir gefaellt die Stellung fuer Weiss ganz gut. Ich denke, es ist ein Vorteil,
dass die schwarzfeldrigen Laeufer getauscht sind.} 12. O-O e5 {Das ist ein
interessanter Zug. Fuer mich ist der neu. Doettling sagt, der Zug ist nicht
neu. Wenn ich jetzt tausche, ist es fuer Schwarz leicht.} 13. d5 Na5 14. Rac1 (
14. Nxe5 Re8 15. f4 Rxe5 16. fxe5 Nxc4 17. Qd4 Qb6 $19) 14... f6 15. Bb5 {
Vermutlich ist dieser Zug neu. Zumindest kannte auch Doettling diesen Zug
nicht. Schwarz hat Probleme mit seiner Entwicklung. Auf b6 kommt mein Vorstoss
d6. a6 schafft Schwaechen, so dass der Springer nicht nach c5 kann. Aber
vielleicht ist er eine bessere Alternative.} b6 16. d6 Be6 17. Rc7 Rf7 {
Der weisse Turm steht sehr stark und es ist schwierig den schwarzen Springer
ins Spiel zu bringen.} 18. Rfc1 Nb7 {Der ist moeglicherweise der Verlustzug.
Die einzige Chance ist Tc7:.} (18... Rxc7 19. Rxc7 (19. dxc7 Qxd2 20. Nxd2 Kf7
$11) 19... a6 20. Be2 $16) 19. d7 Nc5 20. Qd6 $1 {Nun hat Schwarz wirkliche
Probleme. Der Bauer d7 wird sehr stark.} Bxd7 {Vermutlich der einzige Zug.
Aber der Zug verliert die Qualitaet.} 21. Bc4 Be8 (21... Be6 22. Qxd8+ Rxd8 23.
Rxc5 $18) 22. Qxd8 Rxd8 23. Rxa7 Nxe4 {Der weisse Turm auf der 7. Reihe bleibt
stark. Die Position ist gewonnen, obwohl noch einige technischen Probleme
bleiben.} 24. h3 Nd6 25. Bxf7+ Nxf7 26. Nh2 b5 27. Nf1 Kf8 28. Ne3 Rd7 29. Ra8
Rd8 30. Rxd8 Nxd8 31. Nf5 Bd7 {Ein Zeitnotfehler.} 32. Nxg7 Nc6 33. Ne6+ Ke7
34. Nc5 Nd4 35. Kf1 Bf5 36. f3 Bg6 37. Kf2 b4 38. Rc4 1-0

[Event "Gashimov Memorial 3rd"]
[Site "Shamkir"]
[Date "2016.05.29"]
[Round "4"]
[White "Giri, Anish"]
[Black "Harikrishna, Pentala"]
[Result "1-0"]
[WhiteElo "2790"]
[BlackElo "2763"]
[Annotator "Iotov,V"]
[PlyCount "53"]
[EventDate "2016.05.26"]
[EventType "tourn"]
[EventRounds "9"]
[EventCountry "AZE"]
[EventCategory "20"]
[SourceTitle "CBM 173"]
[Source "ChessBase"]
[SourceDate "2016.07.12"]
[SourceVersion "1"]
[SourceVersionDate "2016.07.12"]
[SourceQuality "1"]

1. d4 Nf6 2. c4 e6 3. Nf3 d5 4. Nc3 c5 5. cxd5 Nxd5 6. e4 Nxc3 7. bxc3 cxd4 8.
cxd4 Bb4+ 9. Bd2 Bxd2+ 10. Qxd2 O-O 11. Rc1 {The first major deviation from
the popular theory. The old-fashioned 11.Bc4!? could lead to some very
complicated middlegame positions.} b6 (11... Nc6 12. Be2 $5 (12. Bb5 Bd7 13.
O-O Ne5 14. Be2 Nxf3+ 15. Bxf3 Rc8 16. d5 Qf6 17. Qa5 exd5 18. exd5 a6 {
1/2-1/2 Banikas,H (2633)-Bacrot,E (2749)/Warsaw POL 2013}) (12. Bc4 b6 13. d5
Na5 14. dxe6 fxe6 15. Be2 $1 (15. Qxd8 $6 Rxd8 16. Ne5 Nxc4 17. Rxc4 Ba6 18.
Rc7 Rac8 19. Rxc8 Rxc8 20. Kd2 Rc5 $15 {1/2-1/2 Gajewski,G (2647)-Harikrishna,
P (2743)/Czech Republic CZE 2016}) 15... Bb7 16. Qe3 $14) 12... Qb6 (12... Na5
13. O-O b6 14. Rfd1 Bb7 15. d5 exd5 16. exd5 Qd6 17. Ng5 $14) 13. O-O Rd8 14.
Rc4 $1 (14. d5 exd5 15. exd5 Be6 16. d6 Ne7 17. Rb1 Qxd6 18. Qxd6 Rxd6 19. Rxb7
Ng6 20. g3 Bxa2 21. Ra1 Bd5 22. Rbxa7 Rxa7 23. Rxa7 Bxf3 24. Bxf3 Rd8 25. Kg2
Ne5 26. Ra8 {1/2-1/2 Ding Liren (2766)-Harikrishna,P (2753)/Huai'an CHN 2016})
14... Bd7 15. Rfc1 $14) 12. Bd3 Bb7 13. O-O h6 (13... Nd7 14. Qe3 $5 Nf6 $1 (
14... Rc8 15. e5 Bxf3 16. Qxf3 Qh4 17. Qe3 Rfd8 18. f4 {1-0 Aronian,L (2809)
-Kramnik,V (2801)/Paris/St Petersburg FRA/RUS 2013}) 15. Ne5 Qe7 16. f3 Rac8
17. Bb5 $14) (13... Nc6 14. d5 $1 {A typical motif in these positions, even if
it results in a pawn sacrifice. White's price - activating the bishop on d3!}
Na5 15. dxe6 fxe6 16. Qe3 Rc8 17. Rxc8 Bxc8 18. e5 $14) 14. Qe3 Nc6 15. h4 $5 {
[%csl Yg6][%cal Gh4h5,Gg7g6,Gd3h7] Giri is slowly improving his positions and
preparing the d4-d5 central push.} (15. Rfd1 Rc8 16. h4 Ne7 17. h5 Qd6 18. d5
Rxc1 19. Rxc1 Rc8 20. Re1 Rc3 21. Qd2 Rc5 22. Bb1 Kf8 $11 {1-0 Mamedyarov,S 
(2756)-Kramnik,V (2783)/Shamkir AZE 2015}) 15... Rc8 16. h5 Qe7 $6 {At first,
this may seem as an insignificant mistake at best. However, further analysis
proves that without the Qd7-Qg4 defensive manoeuvre, White's attack becomes
almost unstoppable!} (16... Qd7 $1 {[%csl Yg4,Rh5][%cal Gd7g4,Gg4h5]} 17. Rfd1
Rfd8 18. d5 (18. Bb1 Na5 19. d5 exd5 20. e5 Qg4 21. Qd3 Qe4 22. Qa3 Qg4 23. Qd3
Qe4 $11) 18... exd5 19. exd5 (19. e5 $2 Qg4 $1 $17) 19... Nb4 20. Rxc8 Qxc8 21.
d6 Qe6 22. Qxe6 fxe6 23. Ne5 Bd5 $11) 17. Bb1 Rfd8 18. d5 $1 exd5 $6 (18... Nb8
$1 19. Rxc8 Rxc8 20. dxe6 fxe6 21. Ne5 Qc5 22. Ng6 Nd7 23. Qxc5 Rxc5 24. Rd1
Rc7 25. f3 $14 {Close to draw, yet a possible practical nightmare to defend -
18...Nb8! still remains Harikrishna's best defensive option.}) (18... Nb4 $5)
19. e5 $1 {At this point in the game, defence becomes a problematic task!} Ba6
(19... Nb4 20. Nd4 Rxc1 21. Rxc1 Rc8 22. Re1 $1 $40) (19... Kf8 20. Rfe1 Re8
21. Rcd1 $1 Nd8 22. Qd3 Ne6 23. Qh7 Qb4 24. Bf5 $16) 20. Rfe1 Qd7 21. Qf4 Ne7
22. Nd4 Rxc1 23. Qxc1 $1 {[%csl Ye1][%cal Ge5e6]} (23. Rxc1 $6 Rc8 $132) 23...
Qa4 $6 (23... Rc8 $1 24. Qa3 Bc4 25. Qg3 $40 {[%csl Yb1,Yd4,Ye1,Gg3,Rg8][%cal
Ge5e6] Even though such a position is still playable in the eyes of the
computer, it is a complete nightmare to be played viewed from a human's
perspective.}) 24. e6 $1 Qxd4 $4 (24... Rf8 $8 25. exf7+ Rxf7 26. Ne6 $16) 25.
exf7+ Kxf7 26. Qc7 Re8 (26... Rf8 27. Qxe7+ Kg8 28. Bh7+ Kxh7 29. Qxf8 $18) 27.
Bg6+ 1-0

[Event "Donner Memorial-A"]
[Site "Amsterdam"]
[Date "1994.??.??"]
[Round "6"]
[White "Jussupow, Artur"]
[Black "Van der Sterren, Paul"]
[Result "1-0"]
[WhiteElo "2655"]
[BlackElo "2605"]
[Annotator "Jussupow,A"]
[PlyCount "49"]
[EventDate "1994.08.??"]
[EventType "tourn"]
[EventRounds "9"]
[EventCountry "NED"]
[EventCategory "15"]
[SourceTitle "CBM 043"]
[Source "ChessBase"]
[SourceDate "1994.12.01"]
[SourceVersion "1"]
[SourceVersionDate "1994.12.01"]
[SourceQuality "1"]

1. d4 {Hansen,LB} d5 2. c4 e6 3. Nc3 Nf6 4. cxd5 Nxd5 5. e4 Nxc3 6. bxc3 c5 7.
Nf3 cxd4 8. cxd4 Bb4+ 9. Bd2 Bxd2+ 10. Qxd2 O-O 11. Bd3 (11. Bc4 {Hansen,LB is
the main line}) (11. Be2 {Hansen,LB} b6 (11... Nd7 12. O-O b6 13. Rfe1 Bb7 14.
Bd3 Qe7 15. a4 $1 $14 {Larsen,B-Panno,O/Buenos Aires/1979/}) 12. O-O Bb7 13.
Qf4 Nc6 14. Rad1 Ne7 15. h4 $5 Ng6 16. Qg4 h5 $1 17. Qg3 Bxe4 18. Ng5 Bd5 19.
Bxh5 Qf6 $13 {Dreev,A-Ruban,V/URS-ch/1991/}) (11. Rd1 {Hansen,LB} b6 12. h4 $5
Ba6 13. Bxa6 Nxa6 14. Qd3 Nb4 15. Qb1 Qe7 16. O-O h6 $13 {Aleksandrov,
A-Akhmadeev,V/Kotovo op/1994/}) 11... Nc6 12. Qc3 $5 $146 (12. e5 $6 {Hansen,LB
} Qa5 13. Rd1 b6 14. Be4 Bb7 15. O-O Qxd2 16. Rxd2 Rfd8 $15 {Qvortrup,
J-Panchenko,A/Gausdal/1991/}) 12... Bd7 (12... Qa5 $5 13. Qxa5 Nxa5 14. Ke2 $5
(14. Rc1 $6 Bd7 15. Rc7 $140 Rac8) (14. Kd2 $14)) 13. Rb1 $1 (13. O-O Qa5 $10)
13... Rc8 14. Qd2 (14. Rxb7 $4 {Hansen,LB} Na5) 14... Be8 (14... Na5 $142 15.
O-O Nc4 16. Bxc4 $140 (16. Qe2 b5 $10) 16... Rxc4 17. Rxb7 Bc6) 15. d5 $1 exd5
16. exd5 Ne7 $2 (16... Qxd5 $4 {Hansen,LB} 17. Bxh7+ $18) (16... Qe7+ $142 17.
Be2 $1 (17. Qe2 Qxe2+ 18. Kxe2 Na5 $10) 17... Ne5 18. O-O Rd8 19. Rfd1 $14) 17.
d6 $16 Ng6 (17... Qxd6 $4 {Hansen,LB} 18. Bxh7+ $18) 18. Bxg6 hxg6 (18... fxg6
19. O-O Rf6 20. Rfd1 Ba4 21. Qd5+ Kh8 22. d7 Rc7 23. Ne5 Bxd1 24. Rxd1 $18 {
/\Nf7}) 19. O-O b6 (19... Bc6 20. Ne5 $16) 20. Rfe1 Rc5 21. Rbc1 $1 (21. Ne5 $6
f6) (21. Rbd1 $6 Ba4) 21... Bc6 (21... Rxc1 22. Rxc1 $18 {/\Rc7}) 22. Rxc5 (22.
Ne5 $6 Rd5 $13) 22... bxc5 23. Ne5 Qa8 (23... Qb6 24. d7 Rd8 25. Qd6 $1 $16 {
/\Qe7} (25. Qf4 Bd5 $1 26. Nxg6 Be6 $1 27. Ne7+ Kf8 $13)) 24. f3 Rd8 $2 (24...
Qb7 25. d7 Rd8 26. Qd6 Ba4 27. Qe7 $18) (24... c4 $16 25. Nxc4 Qb7 $16) (24...
Bd5 25. d7 Rd8 26. Rd1 Be6 27. Qd6 c4 28. Qc7 $18) 25. Nxf7 $1 $18 (25. Nxf7
Kxf7 26. Re7+ Kf8 (26... Kg8 {Hansen,LB} 27. Qc3 $18) (26... Kf6 27. Qf4#) 27.
Qc3 $18) 1-0

[Event "Linares-03"]
[Site "Linares"]
[Date "1981.01.22"]
[Round "5"]
[White "Christiansen, Larry Mark"]
[Black "Portisch, Lajos"]
[Result "1-0"]
[WhiteElo "2515"]
[BlackElo "2650"]
[Annotator "Kharitonov,A"]
[PlyCount "61"]
[EventDate "1981.01.17"]
[EventType "tourn"]
[EventRounds "11"]
[EventCountry "ESP"]
[EventCategory "13"]
[SourceTitle "MCL"]
[Source "ChessBase"]
[SourceDate "1999.07.01"]
[SourceVersion "1"]
[SourceVersionDate "1999.07.01"]
[SourceQuality "1"]

1. c4 c5 2. Nc3 Nf6 3. Nf3 e6 4. g3 Nc6 5. Bg2 d5 6. cxd5 Nxd5 7. O-O Be7 8. d4
O-O 9. e4 (9. Nxd5 exd5 10. dxc5 Bxc5 11. b3 (11. a3 $5 a5 12. Ne1 d4 13. Nd3
Bb6 14. Bd2 Re8 15. Rc1 Bg4 16. Re1 Rc8 17. h3 Bf5 18. Qb3 Be4 19. Bxe4 Rxe4
20. Qb5 $14 {Petrosian,T-Peters,J/Lone Pine/1976/1:0 (50)/}) 11... Bf5 (11...
d4 $5) 12. Bb2 Be4 13. Rc1 Bb6 14. Qd2 Qe7 15. Rfd1 Rfe8 16. e3 $14 {Ribli,
Z-Pinter,J/Baile-Herkulane(zt/1982/1:0 (40)/}) 9... Nxc3 (9... Ndb4 10. d5 exd5
11. exd5 Nd4 12. a3 Nbc2 13. Nxd4 Nxd4 14. b4 cxb4 15. axb4 Nf5 16. Qb3 $14 {
Vaganian,R-Hartston,W/Tallinn/1979/1:0 (46)/}) (9... Nb6 10. dxc5 $5 Qxd1 11.
Rxd1 Bxc5 12. Bf4 f6 13. Rac1 e5 14. Nd5 $1 $14 {Loginov,V-Magerramov,E/
Pavlodar/1987/1:0 (61)/}) 10. bxc3 cxd4 11. cxd4 Bf6 $6 (11... b6 12. Bb2 Ba6
$5 13. Re1 Bb4 14. Re3 Rc8 15. Ne1 Bc4 16. a3 Be7 17. Nf3 Bf6 $13 {Ftacnik,
L-Pinter,J/Baile-Herkulane(zt)/1982/0:1 (37)/}) (11... b6 12. d5 exd5 13. exd5
Nb4 14. Ne5 Ba6 15. Re1 Rc8 $13) 12. Bb2 b6 13. Rb1 Bb7 (13... Na5 14. d5 $1
Bxb2 15. Rxb2 exd5 16. exd5 Ba6 17. Re1 Nc4 18. Rb3 {/\Nd4-c6+/=/}) 14. d5 exd5
15. exd5 Na5 (15... Bxb2 $2 16. dxc6 $18) 16. Ne5 Bxe5 $2 (16... Rc8 17. Qd3
Qd6 $2 (17... Be7 $5 18. Rbd1 $14) 18. f4 Rfd8 19. Ba3 Qb8 20. Ng4 $1 $16) 17.
Bxe5 $16 Rc8 (17... Nc4 $2 18. Bxg7 Kxg7 19. Qd4+ $18) 18. Rc1 Qd7 (18... Rxc1
19. Qxc1 $16) 19. Bc3 Ba6 (19... Nc4 20. Bxg7 $18) 20. Re1 Nb7 (20... Nc4 21.
Qd4 f6 22. Bb4 Rfe8 23. d6 $16) 21. Qd4 f6 22. Bb4 Rxc1 23. Rxc1 Rc8 (23... Rd8
24. d6 $5 Nc5 (24... Nxd6 25. Rd1 $18) 25. Bxc5 bxc5 26. Rxc5 $18) 24. Rxc8+
Qxc8 25. h4 Bb5 (25... Qc4 26. Qd2 $1 (26. Qxc4 Bxc4 27. d6 Nd8 28. d7 Kf7)
26... Qd3 27. Qxd3 Bxd3 28. d6 Nd8 29. Bd5+ $1 Kh8 30. d7 $18) 26. d6 Nc5 27.
Qd5+ $1 Kf8 (27... Kh8 28. Bxc5 bxc5 29. Bh3 $1 Qd8 30. Qxc5 $18) 28. Qe4 $1
$18 Kf7 (28... Nxe4 29. d7+ $18) (28... Qe6 29. Bxc5 Qxe4 30. d7+ $18) (28...
Qd8 29. Bxc5 bxc5 30. Qb7 Qd7 (30... a6 31. Qc7 $18) 31. Qb8+ Kf7 32. Qc7 $18)
(28... Kg8 29. Qe7) 29. Qe7+ (29. Qxh7 $18) 29... Kg6 (29... Kg8 30. Bd5+ Kh8
31. Bxc5 bxc5 32. Be6 $18) 30. h5+ Kxh5 31. Qf7+ (31. Qf7+ g6 32. Qxh7+ $18) (
31. Qf7+ Kh6 32. Bd2+ $18) 1-0

[Event "Merlo op"]
[Site "Merlo"]
[Date "1994.??.??"]
[Round "?"]
[White "Vera Gonzalez Quevedo, Reynaldo"]
[Black "Paglilla, Carlos"]
[Result "1-0"]
[WhiteElo "2500"]
[BlackElo "2400"]
[Annotator "Konikowski,J"]
[PlyCount "77"]
[EventDate "1994.08.13"]
[EventType "swiss"]
[EventRounds "9"]
[EventCountry "ARG"]
[SourceTitle "CBM 043"]
[Source "ChessBase"]
[SourceDate "1994.12.01"]
[SourceVersion "1"]
[SourceVersionDate "1994.12.01"]
[SourceQuality "1"]

1. d4 Nf6 2. c4 e6 3. Nc3 d5 4. cxd5 Nxd5 5. e4 Nxc3 6. bxc3 c5 7. Nf3 cxd4 8.
cxd4 Bb4+ (8... Nc6 9. Bc4 b5 $1 10. Bd3 Bb4+ 11. Bd2 Bxd2+ 12. Qxd2 a6 13. a4
O-O 14. Qc3 Bb7 15. axb5 axb5 16. O-O Qb6 17. Rab1 b4 $10 {Spassky,B-Fischer,R/
Reykjavik/1972/}) 9. Bd2 Bxd2+ 10. Qxd2 O-O 11. Bc4 Nc6 $6 (11... b6 $5 12. O-O
Bb7 13. Rfe1 Nc6 14. Rad1 Na5 15. Bd3 h6 $1 $13 {Van der Sterren}) 12. O-O b6
13. Rad1 Bb7 (13... Na5 14. Bd3 Bb7 15. Rfe1 Rc8 16. d5 $1 exd5 17. e5 Nc4 18.
Qf4 Nb2 19. Bxh7+ $1 Kxh7 20. Ng5+ Kg6 (20... Kg8 21. Qh4 $18) 21. h4 $1 f5 (
21... Rc4 22. h5+ Kh6 23. Nxf7+ Kh7 24. Qf5+ Kg8 25. e6 Qf6 26. Qxf6 gxf6 27.
Rd2 Rc6 28. Rxb2 Re8 29. Nh6+ Kh7 30. Nf5 Rexe6 31. Rxe6 Rxe6 32. Rc2 Rc6 33.
Re2 Bc8 34. Re7+ Kh8 35. Nh4 f5 36. Ng6+ Kg8 37. Rxa7 {1-0 Polugaevsky,L-Tal,M/
Moscow/1969/}) 22. Rd4 Qe7 23. h5+ Kh6 (23... Kxh5 24. Qh4+ Kg6 25. Qh7+ Kxg5
26. f4+ Kg4 27. Qh3#) 24. Nf7+ Kh7 25. Qxf5+ Kg8 26. e6 Rc7 (26... Rxf7 27.
exf7+ Qxf7 28. Qxf7+ Kxf7 29. Rf4+ Kg8 30. Re7 Ba6 31. Rxa7 Bd3 32. Rff7 $18)
27. Rf4 Bc6 28. h6 {1-0 Gruen,P-Goehring,KH/BL1983/}) 14. d5 Na5 15. Bd3 exd5
16. e5 $1 Qc8 (16... Nc4 17. Qf4 Nb2 (17... h6 18. Bxc4 $18) 18. Bxh7+ $1 Kxh7
19. Ng5+ Kg6 (19... Kg8 20. Qh4 Re8 21. Qh7+ $1 (21. e6 Rxe6 $1) 21... Kf8 22.
Qh8+ Ke7 23. Qxg7 Rf8 24. Rb1 Nd3 25. e6 $18) 20. h4 Nxd1 21. h5+ $1 Kxh5 22.
g4+ Kg6 23. Qf5+ Kh6 24. Nxf7+ Rxf7 25. Qh5#) 17. Qf4 Ba6 18. Bxa6 (18. Nd4 $5
Bxd3 19. Rxd3 Nc6 20. Nf5 Qe6 21. Rg3 g6 22. Nh6+ Kh8 23. Ng4 $36 {Vera,R})
18... Qxa6 19. Nd4 Rae8 20. Nf5 Re6 21. Qg5 g6 22. Nh6+ Kh8 23. Ng4 Nc6 24. Qh6
Rg8 25. Nf6 Rxf6 (25... Rg7 26. Nxh7 $1 $18) 26. exf6 d4 (26... Qxa2 $5) 27.
Rfe1 Qc8 28. Re4 {/\Qh7+-} g5 29. Rde1 Qf8 30. Qxf8 Rxf8 31. Re8 (31. Rc1 $1
$18) 31... Kg8 32. Rxf8+ Kxf8 33. Rc1 Nd8 34. Rc7 a5 35. Kf1 Ke8 36. Re7+ Kf8
37. Rd7 Ne6 38. Rb7 Ke8 39. Rxb6 1-0

[Event "DEN-ch"]
[Site "Odense"]
[Date "1994.??.??"]
[Round "4"]
[White "Larsen, Bent"]
[Black "Hansen, Lars Bo"]
[Result "0-1"]
[WhiteElo "2560"]
[BlackElo "2545"]
[Annotator "Kortschnoj,V"]
[PlyCount "84"]
[EventDate "1994.07.??"]
[EventType "tourn"]
[EventRounds "9"]
[EventCountry "DEN"]
[EventCategory "10"]
[SourceTitle "CBM 041"]
[Source "ChessBase"]
[SourceDate "1994.08.01"]
[SourceVersion "1"]
[SourceVersionDate "1994.08.01"]
[SourceQuality "1"]

1. g3 Nf6 2. Bg2 d5 3. Nf3 c5 4. O-O Nc6 5. d4 e6 6. c4 Be7 7. cxd5 Nxd5 8. Nc3
O-O 9. Nxd5 exd5 10. dxc5 Bxc5 11. Bg5 Qb6 12. Rc1 (12. Qxd5 Be6 $10) 12... d4
13. Nd2 $6 (13. Qc2 Bd6 14. Nd2 Be6 15. Nc4 $14) 13... Re8 14. a3 Bf8 15. Nc4
Qb5 16. Bf4 Bg4 17. Re1 Rad8 $15 18. h3 Be6 19. b3 Bf5 20. b4 h6 21. Bd2 Be4
22. Bf1 Qd5 $17 23. Nb2 Ne5 24. Bf4 Ng6 25. Bc7 Rc8 26. Nd3 Qd7 27. Bf4 Rxc1
28. Bxc1 (28. Qxc1 $5) 28... Bd6 29. Qd2 $6 (29. e3 Qc7 $1) 29... Qc7 30. Nc5
$2 (30. f4 $5 $17) 30... Bxg3 $1 $19 31. Nxe4 Bh2+ 32. Kh1 Rxe4 33. Bg2 Rh4 34.
Bb2 Be5 35. e3 dxe3 36. Rxe3 Bxb2 37. Qxb2 Rc4 38. Rg3 Rc1+ 39. Kh2 h5 40. h4
Rc4 41. Kg1 Rc1+ 42. Kh2 Qf4 0-1

[Event "EU-ch 11th"]
[Site "Rijeka"]
[Date "2010.03.16"]
[Round "10"]
[White "Alekseev, Evgeny V"]
[Black "Macieja, Bartlomiej"]
[Result "1/2-1/2"]
[WhiteElo "2700"]
[BlackElo "2625"]
[Annotator "Krasenkow,M"]
[PlyCount "78"]
[EventDate "2010.03.06"]
[EventType "swiss"]
[EventRounds "11"]
[EventCountry "CRO"]
[SourceTitle "CBM 136"]
[Source "ChessBase"]
[SourceDate "2010.05.18"]
[SourceVersion "1"]
[SourceVersionDate "2010.05.18"]
[SourceQuality "1"]

1. d4 Nf6 2. Nf3 e6 3. c4 d5 4. Nc3 c5 5. cxd5 Nxd5 6. e4 Nxc3 7. bxc3 cxd4 8.
cxd4 Bb4+ 9. Bd2 Bxd2+ 10. Qxd2 O-O 11. Rc1 b6 12. Bd3 Bb7 13. O-O {For this
rare line - see annotations to Av. Bykhovsky - Golod by GM V. Golod in CBM 66.}
Nc6 ({As usual in this system, Black's main (and probably safer) alternative is
} 13... Nd7 $5 14. Qf4 Nf6 15. h3 (15. Rfd1 h6 16. Bb1 Rc8 17. h4 Qe7 18. g4
Rfd8 19. g5 hxg5 20. Nxg5 Rxc1 21. Qxc1 e5 22. dxe5 Rxd1+ 23. Qxd1 Qxe5 24.
Qd8+ Qe8 $11 {1/2 Lindberg,B (2481)-Svensk,I (2292)/Sweden 2005/EXT 2006 (83)})
(15. h4 h6 16. Qe3 (16. g4 e5 $1) 16... Qe7 (16... Ng4 $5) 17. Ne5 Rac8 18. Nc4
Rfd8 19. e5 Ne8 20. Qf4 Qd7 21. Rfd1 Rc7 22. Qd2 Rdc8 $17 {1/2 Byrne,R (2560)
-Salo,T/Helsinki 1952/MCD (37)}) 15... h6 16. Rc3 Rc8 17. Ra3 a6 18. Rb3 Nd7
19. Rfb1 Qc7 20. Ne5 f6 21. Ng6 Qxf4 22. Nxf4 Kf7 23. d5 exd5 24. exd5 g5 $1
25. Bg6+ Kg7 26. Bf5 gxf4 27. Bxd7 Bxd5 $1 $11 {1/2 Stefanova,A (2527)-Socko,B
(2637)/Antwerp 2009/CBM 133 (57)}) 14. d5 $1 {This central break is the only
way to justify White's strategy.} (14. Bb1 $6 Qd7 (14... Ne7 15. Rc3 Rc8 16.
Rfc1 Rxc3 17. Rxc3 Qb8 18. Ne5 Rc8 19. h3 Rxc3 20. Qxc3 Qc8 21. Qxc8+ Nxc8 $11
{1/2 Wood,G-Thomas,G/London 1946/MCL (34)}) (14... Na5 15. Qf4 Qf6 16. Qg3 Qg6
17. Qh3 Rac8 18. Ne5 Qg5 19. f4 Qe7 20. Rcd1 Nc4 $132 {1/2 Dobrov,V (2443)
-Golod,V (2538)/Pardubice 2002/CBM 089 ext (45)}) (14... Qe7 15. Rfd1 {1/2
Carnic,S (2339)-Andrijevic,M (2383)/Belgrade 2004/CBM 102 ext}) 15. e5 Rfd8 16.
Rfd1 h6 17. Rc3 Rac8 18. Qd3 g6 $11 {1/2 Dambravaite,R (2145)-Sarakauskiene,Z 
(2020)/Marijampole 1996/EXT 1997 (57)}) (14. Qe3 Qe7 15. Rfd1 Rfd8 16. Bb1 Rac8
17. h4 Na5 (17... e5 $6 18. d5 Na5 19. Bd3 $1 h6 20. g3 Rxc1 21. Rxc1 Bc8 22.
Bf1 $1 Bg4 23. Nh2 Bc8 24. Nf3 Bg4 25. Ba6 $5 $14 {1-0 Bykhovsky,A (2455)
-Golod,V (2555)/Kfar Sava 1998/CBM 066/[Golod] (66)}) (17... h6 $5 {Golod}) 18.
h5 Nc4 19. Qe2 b5 20. Bd3 Na3 $6 (20... Qa3 {[%cal Rc4b2]}) 21. h6 gxh6 22. Qe3
Kg7 23. d5 $1 exd5 24. Nd4 $16 {1-0 Rivas Pastor,M (2420)-Jimenez Villena,F 
(2233)/Alicante 2000/EXT 2002 (37)}) 14... Na5 (14... exd5 15. exd5 Ne7 16. d6
$1 Nd5 17. Ng5 Qxd6 18. Bxh7+ Kh8 19. Bb1 Kg8 20. Rc4 f6 21. Nf3 f5 22. Rd4
Rac8 23. a3 Rc5 24. Re1 Qc6 25. Ba2 {1-0 Meszaros,A (2321)-Grotnes,N (2256)/
LSS 2007/Telechess CBM 131}) 15. dxe6 fxe6 16. Ng5 $1 Qe7 17. e5 h6 18. Ne4
Bxe4 $1 {[%mdl 256] Not a pleasant decision, taking into consideration the
weakness of the light squares on the kingside. However, it is absolutely
correct as otherwise White plays either Ne4-d6 or Qd2-e3-g3, consolidating his
advantage:} (18... Bd5 19. Qe3 Nb7 20. Qg3 {[%cal Re4f6,Rg3g6] , and it is too
late to take on e4.}) (18... Rad8 19. Qe3 Nc6 20. f4 Nb4 21. Nd6 $1 (21. Bb1
$143 Ba6 {[%cal Yb4d3]}) 21... Nxd3 22. Qxd3 $16 {[%csl Gd6]}) {After the
exchange on e4 Black organizes the co-ordination of his pieces and parries all
threats.} 19. Bxe4 Rad8 20. Qe2 Nb7 21. Bb1 (21. Qg4 Nc5 22. Bb1 Qf7 {creating
counterplay in time} ({or even} 22... Rd2 23. Qg6 $140 Qg5 $1) ({or} 22... Qg5)
) 21... Nc5 22. Rc3 Rd4 23. Rg3 g5 (23... Qh4 $132 {was simpler. However,
after the text move White has nothing better than a symbolic edge in the
endgame.}) 24. Rh3 Qg7 25. Qh5 Rd5 26. Qxh6 (26. Re1 Rxe5 27. Rxe5 Qxe5 28.
Qg6+ Qg7 29. Rxh6 Rd8 $132) 26... Qxh6 27. Rxh6 Rxe5 28. Rd1 Rf7 29. Kf1 Kg7
30. Rh7+ Kf6 31. Rxf7+ Kxf7 32. f4 gxf4 33. Rd4 Re3 34. Rxf4+ Kg7 35. Rc4 a5
36. Kf2 Ra3 37. h4 Ra4 38. Rxa4 Nxa4 39. Bd3 Nc3 1/2-1/2